|
|
|
|
| LEADER |
00743nas a2200181 i 4500 |
| 001 |
misc45821 |
| 005 |
20200717142443.0 |
| 008 |
200305s1842 hu o 0|| ger d |
| 040 |
|
|
|a SZTE Miscellanea Repozitórium
|b hun
|
| 041 |
|
|
|a ger
|
| 245 |
0 |
0 |
|a Oesterreichische Medicinische Wochenschrift als Ergänzungsblatt der medicinischen Jahrbücher des k. k. österreichischen Staates
|h [elektronikus dokumentum]
|
| 260 |
|
|
|a Braumüller und Seidel
|b Wien
|c 1842
|
| 300 |
|
|
|a 312 p.
|
| 561 |
|
|
|a Poór Imre hagyaték
|
| 591 |
|
|
|a Prof. Dr. Poór Ferenc ajándéka (pecsét)
|
| 695 |
|
|
|a Orvostudomány
|
| 700 |
0 |
1 |
|a Raimann Johann Nepomunk Edler von
|
| 856 |
4 |
0 |
|u http://misc.bibl.u-szeged.hu/45821/1/medicinische_wochenschrift_1842_001.pdf
|z Dokumentum-elérés
|